Quizzes
Events
Quiz Creation
Community
Videos
Private Events
Remove Ads
Sign In
Join for FREE
Feedback
Dark Mode
Quiz Categories
Sports
Geography
Music
Movies
Television
Just For Fun
Miscellaneous
History
Literature
Language
Science
Gaming
Entertainment
Religion
Holiday
For Kids
Quiz Lab
Recent
Popular Today
Quiz Kudos Today
Editor Picks
Curator Picks
Quizzes by...
Day
Popularity
Type
Ratings
Length
Year
Community
Subscriptions
Recent Discussions
Orange Saloon
Badges
Playlists
Quests
Create
Leaderboards
Showdown
Live 5
Trivia Bingo
Activity
Puzzle Library
Sporcle Events
Private Events
Virtual Trivia
Globe League
Become a Host
Pub Owners
SporcleCon
Opinionation
Our Games
Videos
Blog
Mobile Apps
Partnerships
Remove Ads and Go Orange
Feedback
Gaming
Video Games
Board Games
Card Games
Pokémon
Mario
Nintendo
Minecraft
Console
Toys
Legend of Zelda
Gaming
Video Games
Board Games
Card Games
Pokémon
Mario
Nintendo
Minecraft
Console
Toys
Legend of Zelda
Random Quiz
Search Sporcle
×
Quiz Lab
Quiz Lab
Gaming
Famous
Type in answers that appear in a list
Type in answers that appear in a list
Classic
Best Score? Go Orange.
RPG Famous Parents Stats
Can you name the child of these famous RPG heroes?
By
RadShadow
10m
30 Questions
195 Plays
195 Plays
195 Plays
Comments
Comments
Give Quiz Kudos
Give Quiz Kudos
-
- Ratings
hide this ad
More Info
Replay
Link that replays current quiz
Next Quiz
Link to next quiz in quiz playlist
You Got
0%
They Got
Avg Score
37%
Avg Friend Score
Upgrade to see
Score Distribution
Jump to the score distribution portion of the page
Score
0/30
Timer
10:00
0
Plays Today
Parent(s)
Child
% Correct
Jecht
Tidus
85.6%
Dracula
Alucard
76.9%
Hojo and Lucrecia
Sephiroth
76.4%
Shadow (FF6)
Relm
69.7%
King Guardia XXXIII
Marle
65.6%
Maduin and Madeline
Terra
63.1%
Dr. Light
Mega Man, Proto Man, and Roll
59.5%
Eliwood
Roy
56.4%
Balbanes Beoulve
Ramza, Alma, Dycedarg and Zalbag
54.9%
Cecil and Rosa
Ceodore
49.2%
Agares Blight
Luca Blight
45.1%
Kratos
Lloyd
41.5%
Ronyx J. Kenny
Claude
34.9%
Blue Rogue Captain Dyne
Vyse
30.3%
General Viper
Riddel
30.3%
Parent(s)
Child
% Correct
Greil and Elena
Ike and Mist
28.7%
Thunder God Cid
Ourran
26.7%
Jimba aka Wyatt
Chris Lightfellow
26.2%
The Mana Tree
The Mana Hero
23.6%
Stahn and Rutee
Kyle
23.1%
Fei Fong Wong
Emeralda
21.5%
Lepant and Elieen
Sheena
21%
Maxim and Selan
Jeros
20%
Arshtat and Ferid
Freyjadour
18.5%
Koudelka
Halley
17.4%
Werner Maxwell
Virginia and Jet
17.4%
Overlord of the Evil Academy
Mao
15.4%
Miranda (G3)
Yuki
8.2%
Necromancer Nybeth
Cressida, Dievold, and Oelias
4.6%
Mage Lord Danash
Shams and Manaril
2.1%
Quiz Playlist
Details
Report
Send in Message
Add To Playlist
More Info:
Note: Some of these parents might not be biological!
Classic:
Type in answers that appear in a list
Last Updated: Feb 16, 2017
Quiz Scoreboard
CHALLENGE
Sign Up to Join the Scoreboard
Show All
Scores
Hide
Comments
May contain spoilers
Recently Published
Click the 1999 NBA Draft
by nibperrychub
Sports
2m
Alphabetical 'K' Countries by Flag Minefield
by ylime102
Geography
3m
Pick 6: Fruits
by JohnFran
Miscellaneous
15s
More to Explore
Quiz From the Vault
Featured Blog Post
15 Basketball Trivia Facts You Can Be March Mad About
hide this ad
You Might Also Like...
Tags
Famous Quiz
parent
rpg
RPGs
Today's Top Quizzes in Gaming
Browse Gaming
hide this ad
Today's Top Quizzes in Famous
Browse Famous
Top Contributed Quizzes in Gaming
1
Pokémon Gen IV Logic Puzzle (HARD)
2
HARD Pokemon Logic Puzzle
3
Honkai: Star Rail Technique Names Quiz
4
Order Genshin Impact characters by release date!
5
Stardew Valley Logic Puzzle
6
Genshin Impact Logic Puzzle Quiz
7
Danganronpa 1 Logic Puzzle
8
Pokémon Logic Puzzle (DIFFICULT)
9
Kingdom Hearts Logic Puzzle
10
Genshin Impact Logic Puzzle
Explore More
Trending Topics
Marvel
Disney
Kpop
Harry Potter
Anime
Crossword
NBA
The Office
NFL
Pokémon
Song
Country
Puzzle
Soccer
WWE
hide this ad
More By:
RadShadow
Quiz
Plays
Rating
Category
Featured
Created
NBA Dual MVP Winners
164,115
4.47
Sports
Jun 1, 2013
RPG Characters 1st Skill
2,251
4.07
Gaming
Apr 20, 2013
Final Fantasy Blitz: Job Match
2,235
2.47
Gaming
Jun 24, 2014
2011-12 NBA CHAMPIONS Miami Heat 15 Man Roster
1,987
3.43
Sports
Jan 1, 2012
Let's Play Through: Final Fantasy 4
1,668
4.25
Gaming
Jul 12, 2014
Go to Creator's Profile
Score Distribution
Quiz Creator Spotlight
RadShadow
Follow
Send a Message
Quizzes Created
-
Created Quiz Play Count
-
More By This Creator
Popular Quizzes Today
1
Countries of Asia Without Outlines Minefield
2
Find the US States - No Outlines Minefield
3
Pick 6: Fruits
4
Alphabetical 'K' Countries by Flag Minefield
5
The Countries of the World
6
Find the US States
7
US States
8
Match the Book to the Film X
More Gaming Quizzes
Pick the Mortal Kombat Characters
Published
Trending Quizzes
Pick 6: Mountains
Pick 6: Harry Potter
Pick 6: NFL Teams
Pick 6: Movie Franchises
Pick 6: Golfers
Recently Updated
NWSL Teams
pecheneg
Women's Final Four Teams by Year
bhenderson79
Presidents Quartet II
eogle
Anything But Clue(do)
eogle
Anything But Oceanian Capitals
eogle
Anything But 7
eogle
Anything But Thing
eogle
Word Ladder: February 29
pecheneg
Song Title Questions
pecheneg
Women's NCAA Tournament #1 Seeds
pecheneg
Trending Topics
Kpop
Anime
Marvel
Crossword
Harry Potter
NBA
Disney
Country
NFL
Song
Pokémon
Soccer
WWE
Puzzle
The Office
Your Account Isn't Verified!
In order to create a playlist on Sporcle, you need to verify the email address you used during registration. Go to your
Sporcle Settings
to finish the process.
Report this User
Report this user for behavior that violates our
Community Guidelines
.
Details:
Send Report
Go to the Sporcle.com Mobile Site →
Comments